Wozu Paedagogik? : Die Zukunft buergerlicher Muendigkeit und oeffentlicher Erziehung
Αποθηκεύτηκε σε:
| Άλλοι συγγραφείς: | |
|---|---|
| Μορφή: | Βιβλίο |
| Γλώσσα: | German |
| Δημοσίευση: |
Darmstadt :
Wissenschaftliche Buchgesellschaft,
1996
|
| Θέματα: | |
| Ετικέτες: |
Προσθήκη ετικέτας
Δεν υπάρχουν, Καταχωρήστε ετικέτα πρώτοι!
|
MARC
| LEADER | 00000nam a2200000 i 4500 | ||
|---|---|---|---|
| 001 | 1/12260 | ||
| 008 | 000919s1996 ger d | ||
| 020 | |a 3-534-12651-3 | ||
| 035 | |l 10064139 | ||
| 040 | |a GR-MY-UA |b gre |e aacr | ||
| 041 | 0 | |a ger | |
| 082 | 0 | |a 370.1 | |
| 245 | 1 | 0 | |a Wozu Paedagogik? : |b Die Zukunft buergerlicher Muendigkeit und oeffentlicher Erziehung / |c herausgegeben von Andreas Gruschka |
| 260 | |a Darmstadt : |b Wissenschaftliche Buchgesellschaft, |c 1996 | ||
| 300 | |a 182 p.; |c 22 cm | ||
| 650 | 0 | 0 | |a Education. |
| 650 | 0 | 0 | |a Education |x Aims and objectives. |
| 700 | 1 | |a Gruschka, Andreas. |4 edt | |
| 852 | |a INST |b RHODES |e 20000919 |h 370.1 WOZ |p 005400012480 |q 005400012480 |t BK |y 0 | ||
| 901 | |a BIBL4-2000-3 | ||
| 909 | |a Ρ |b 068931 | ||
| 922 | |a 4ΕΛΗ |b 199909 |c ΚΠΣ/154 |d GLORY BOOKS | ||
| 970 | |z 2000/09/ΞΕΝΙΑ | ||